000 00620nam a2200253Ia 4500
001 Para_6105
003 CHAP
008 220125s1979 xx 000 0 und d
010 _a204885
040 _cCHAP
090 _aPA FOLLETO 234
110 _aHoechst
_9170820
245 _aAfalon :
_b herbicida selectivo /
_c por Hoechst
260 _aFrankfurt :
_b Hoechst
300 _a19 p.
650 _aHerbicidas
_953691
901 _aPA FOLLETO 234
902 _aA
905 _a0000001979 0000000000 00
910 _a1979
942 _cPARA
942 _cPARA
_d1
999 _c204885
_d204885